[Event "Keres Memorial"]
[Site "Tallinn/Parnu"]
[Date "1998.06.25"]
[Round "5"]
[White "Khalifman, Alexander"]
[Black "Short, Nigel D"]
[Result "1/2-1/2"]
[WhiteElo "2660"]
[BlackElo "2660"]
[Annotator "Finkel,A"]
[PlyCount "117"]
[EventDate "1998.06.19"]
[EventType "tourn"]
[EventRounds "9"]
[EventCountry "EST"]
[EventCategory "15"]
[SourceTitle "CBM 066"]
[Source "ChessBase"]
[SourceDate "1998.09.30"]
[SourceVersion "1"]
[SourceVersionDate "1998.09.30"]
[SourceQuality "1"]

1. e4 {Lautier} e6 2. d4 d5 3. Nc3 dxe4 4. Nxe4 Nd7 5. Nf3 Ngf6 6. Nxf6+ Nxf6
7. c3 Be7 8. Bd3 O-O 9. Bg5 (9. Qe2 $5 b6 10. Bf4 Bb7 11. O-O-O c5 $6 (11...
Qc8 $5 12. h4 c5 13. h5 cxd4 14. Nxd4 Rd8 15. Kb1 Rd5 16. Rh3 $36 {
Timoshchenko,G-Kholmov,R/Stary Smokovec 1996 (53)}) 12. dxc5 Qc8 13. cxb6 axb6
14. Kb1 Bd5 15. c4 Qa6 16. a3 Bc6 17. Be5 Qb7 18. Nd4 Be4 19. f3 $16 {Guyot,
P-Ferry,R/FRA-ch 1987}) (9. Ng5 Qd5 10. Qf3 Qxf3 11. Nxf3 b6 12. Bg5 Bb7 13.
Ne5 {1/2-1/2 Belakovskaia,A-Levitina,I/USA-chW 1996}) 9... h6 (9... b6 10. Qc2
h6 11. h4 Bb7 12. O-O-O c5 13. Rh3 cxd4 14. Nxd4 Qc7 15. Bxh6 $1 $36 {Corte,
C-Martinez,J/ARG-ch 1947 (41)}) 10. h4 $5 {Typical move in this kind of
position.} Qd5 11. Qd2 b5 12. O-O-O Bb7 {Deserved attention} (12... hxg5 $5 13.
hxg5 Ne4 14. Qe3 $5 (14. Qf4 Bxg5 15. Nxg5 Qxg5 16. Qxg5 Nxg5 17. f4 {[%csl
Rh7]} Bb7 18. fxg5 Bxg2 (18... g6 $2 19. Rh2 {[%cal Gd1h1]} Rfb8 20. Rdh1 Kf8
21. Bxb5 $16) 19. Rh2 Bd5 $11) (14. Qe2 $6 Bxg5+ 15. Kb1 f5 16. Nxg5 Nxg5 17.
Qh5 Ne4 18. Qg6 Qd7 $1 $17) 14... Bxg5 $2 (14... Bb7 15. Rde1 (15. Ne5 $2 Bxg5
16. f4 Bh6 17. g4 f6 18. Ng6 Rfe8 19. Rde1 Nd6 $17) 15... Nxg5 $1 (15... f5 16.
gxf6 $1 (16. g6 c5 17. Ne5 Bg5 18. f4 Bh6) 16... Nxf6 17. Ne5 {[%csl Rg8][%cal
Ge3h3]} Bd6 18. Qh3 Bxe5 19. dxe5 $16) 16. Nxg5 Bxg5 17. Bh7+ Kh8 18. Be4+ Kg8
$11 {[%cal Ge4h7,Gh7e4]}) 15. Nxg5 Nxg5 (15... Qxg5 16. f4 Qf6 17. Qxe4 $18)
16. f4 Qxa2 17. fxg5 Qa1+ 18. Kc2 Qa4+ 19. Kb1 $18) 13. Ne5 (13. Kb1 $6 hxg5 $1
14. hxg5 Ne4 15. Qf4 Bxg5 16. Qxe4 $1 (16. Nxg5 $6 Qxg5 17. Bxe4 Qxf4 18. Bh7+
Kh8 19. Be4+ Qh6 $19) 16... Qxe4 17. Nxg5 Qxd3+ (17... Qxg2 18. Bh7+ Kh8 19.
Be4+ $11) 18. Rxd3 Bxg2 19. Rh2 Bd5 20. Rdh3 g6 $15) 13... Qxa2 $5 $132 {
Interesting continuation giving black good counterchanses.Still was possible} (
13... hxg5 $5 14. hxg5 Ne4 15. Qe3 $1 (15. Qe2 $6 Bxg5+ 16. Kb1 Bh6 (16... f6
$2 17. f3 $1 Nxc3+ 18. bxc3 fxe5 19. Bh7+ Kf7 20. Qd3 Bf6 21. Bg6+ Ke7 22. Be4
$36) 17. Rxh6 gxh6 18. Qg4+ Ng5 19. f4 f5 $17) (15. f4 $5) 15... Bxg5 16. f4
Bh6 17. Ng4 $1 (17. g4 $2 f6 18. Ng6 Rfe8 19. Rde1 Nd6 20. Rh5 Qf3 $19) 17...
f5 18. Nxh6+ gxh6 19. Rxh6 $44 {[%csl Rg8][%cal Gd1h1,Ge3h3] with complicated
position.}) 14. Bxf6 Bxf6 15. Nd7 Be7 $1 16. Nxf8 Kxf8 17. f3 $5 Bd5 18. Bb1
Qa1 19. Qc2 Rd8 $1 $44 (19... Bd6 20. Kd2 $8 {[%cal Gd2f2]} Bf4+ 21. Ke2 Qa6
22. Kf2 Qd6 23. Rh3 $1 $14 {[%cal Gg2g3]}) 20. b4 $6 {Dubious decision causing
white serious problems.Better was 20.Kd2 with mutual chanses.} a5 $5 21. Qb2
Qxb2+ 22. Kxb2 axb4 23. cxb4 Bxb4 $15 {The ending is quiet unpleasent for
white,but he has very good chanses to hold it.} 24. Be4 Bc4 25. Bd3 ({Deserved
attention} 25. g4 $5 Be7 $1 {[%csl Rd4][%cal Ge7f6,Gc7c5]} 26. g5 $8 hxg5 27.
hxg5 Bxg5 28. Rh8+ Ke7 29. Rxd8 Kxd8 30. Bd3 $15) 25... Rxd4 26. Bxc4 Rxc4 27.
Rc1 Rxc1 28. Rxc1 Bd6 $17 {Now black has a three pawns for exchange and white
has to defend extremly carefully.} 29. Kc2 Ke7 30. Rb1 b4 31. Ra1 f5 $1 32. g4
Kf6 33. Kd3 e5 (33... Ke5 $5 34. Rg1 g5 35. hxg5 hxg5 36. gxf5 Kxf5 37. Kc4 Kf4
38. Rg4+ Kxf3 39. Rxg5 e5 $19) 34. Rg1 g6 35. h5 (35. g5+ hxg5 36. hxg5+ Ke6
37. Kc4 e4 $5 38. fxe4 fxe4 39. Rf1 Ke5 40. Rf6 e3 41. Kd3 b3 42. Rf1 c5 43.
Kxe3 c4 $19) 35... e4+ 36. fxe4 fxg4 37. hxg6 h5 $1 $19 38. Kd4 Kxg6 39. e5 Be7
40. Ke4 Bg5 41. Rg2 c5 42. Kd5 b3 43. Kxc5 Bc1 44. Rg3 Bf4 $4 {Missing very
simple win after} (44... b2 $142 $1 45. Rb3 h4 46. e6 h3 47. Kd6 (47. e7 Kf7
48. Kd6 Bg5 49. Rxb2 (49. e8=Q+ Kxe8 50. Rxb2 h2 $19) 49... Bxe7+ 50. Kd5 g3
$19) (47. Rb8 {Lautier} Kf6 48. Kd6 Bf4+ $19) 47... Bg5 48. Rxb2 g3 49. e7 (49.
Rb5 g2 50. Rxg5+ Kxg5 51. e7 g1=Q 52. e8=Q Qd4+ 53. Kc7 Qf4+ 54. Kb7 h2 $19)
49... Bxe7+ 50. Kxe7 h2 $19) (44... Kf5 $142 {Lautier} 45. Kd5 (45. Rxb3 Kxe5
$19) 45... Bf4 46. Rxb3 (46. e6 Bxg3 47. e7 b2 48. e8=Q b1=Q $19) 46... Bxe5
$19) 45. Rxb3 Bxe5 46. Kc4 $1 $11 h4 47. Kd3 h3 48. Ke2 Bd4 (48... g3 49. Kf3
g2 (49... Kf5 50. Rb2 $1 $11) 50. Rb1 Kf5 51. Rg1 $11 {[%cal Gg1g2]}) 49. Kf1
Kf5 50. Rb8 Be3 51. Rf8+ Ke4 52. Re8+ Kf3 53. Rh8 Kg3 54. Rg8 Bd4 (54... h2 55.
Rxg4+ $1 $11) 55. Rg6 Kh4 56. Rd6 Be5 57. Rg6 Bd4 58. Rd6 Ba7 59. Ra6 1/2-1/2

[Event "Recklinghausen"]
[Site "Recklinghausen"]
[Date "1998.07.25"]
[Round "1"]
[White "Mainka, Romuald"]
[Black "Luther, Thomas"]
[Result "1/2-1/2"]
[WhiteElo "2500"]
[BlackElo "2510"]
[Annotator "Finkel,A"]
[PlyCount "57"]
[EventDate "1998.07.25"]
[EventType "tourn"]
[EventRounds "9"]
[EventCountry "GER"]
[EventCategory "12"]
[SourceTitle "CBM 067"]
[Source "ChessBase"]
[SourceDate "1998.11.30"]
[SourceVersion "2"]
[SourceVersionDate "1998.11.01"]
[SourceQuality "1"]

1. e4 e6 2. d4 d5 3. Nd2 dxe4 4. Nxe4 Nd7 5. Nf3 Ngf6 6. Nxf6+ Nxf6 7. c3 $5 {
On my opinion this is one of the most tricky continuation,which demands an
extremly accurate play from both sides.} c5 8. Be3 (8. Bb5+ {Finkel,A} Bd7 9.
Bxd7+ Qxd7 10. Be3 cxd4 11. Bxd4 Be7 12. O-O O-O 13. Qe2 Qc7 $11 {Dvoirys,
S-Zakharevich,I/RUS-Cup4 1997 (21)}) 8... cxd4 $5 (8... Qc7 {Finkel,A} 9. Ne5 (
9. Bb5+ Bd7 10. Bxd7+ Nxd7 11. O-O Bd6 12. dxc5 Bxc5 13. Bxc5 Nxc5 14. Qe2 $11
{1/2-1/2 Korneev,O-Morozevich,A/RUS-ch m3-4 1997}) 9... a6 (9... Bd6 $5 10.
Bb5+ Ke7 11. Nc4 Bd7 (11... Bf4 $5) 12. Bxd7 Nxd7 13. Nxd6 Qxd6 14. dxc5 Qxd1+
15. Rxd1 Rhc8 16. Ke2 $14 {Zakharov,A-Dokuchaev,A/RUS-Cup9 1997 (37)}) 10. Qa4+
Nd7 11. Bb5 $6 (11. O-O-O $5 {Finkel,A} Bd6 12. Nc4 Bf4 13. g3 Bxe3+ 14. Nxe3
O-O 15. d5 $1 $36 {Dvoirys,S-Zakharevich,I/RUS-Cup9 1997 (42)}) 11... cxd4 $1
$11 {Herrera,I-Perez,R/Guillermo Garcia mem Premier 1998 (23)}) 9. Bxd4 Be7 (
9... Bd6 $5 10. Qc2 Qa5 11. Bxf6 $5 gxf6 12. O-O-O Be7 13. Kb1 Bd7 14. Nd4
O-O-O 15. Be2 Ba4 $5 $11 {Timoshenko,G-Doroshkievich,V/RUS-Cup1 Chigorin mem
1996 (40)}) 10. Bd3 O-O 11. Qd2 $5 {With this move white shows his agressive
intensions connected with queenside castle and attack on the kingside.Deserved
attention} (11. O-O $5 Qa5 (11... b6 $2 12. Qc2 h6 13. Rad1 {[%cal Gd4f6,Gd3h7]
} Qc7 14. Be5 Qc5 15. b4 $18) 12. Ne5 Rd8 13. Qf3 Qd5 14. Qg3 b5 15. Rad1 $36)
11... Qd5 $1 {[%cal Gd5a2,Gd5h5]} 12. O-O-O $5 {Typical idea for this kind of
positions:white sacrifices a pawn on a2 hoping to use the advantage in
development to create the threats against the black king,} Qxa2 13. Rhe1 Rd8
14. Bb1 Qa1 $1 {It seems that queen is out of play on a1,but from there it
disturbs white the most.} 15. Ne5 a5 {[%cal Ga5a3]} (15... Bc5 $6 16. Qe3 Bxd4
17. Rxd4 Rxd4 18. Qxd4 Qa5 19. Rd1 $44 {[%csl Ra8,Rc8]}) 16. Qc2 $6 {[%cal
Ge5g4]} g6 $15 {Defending against 17.Ng4} 17. c4 Bd7 18. Bc3 Be8 $1 $17 {
Black has managed to put all his pieces on very comfortable positions and now
his advaqntage is quiet significient.} 19. Qe2 b5 20. Qf3 b4 $1 (20... Rxd1+ $6
21. Rxd1 Rc8 $6 22. Qb7 $1 b4 (22... Rd8 23. Rxd8 Bxd8 24. Nxf7 $1 Bxf7 25. Qc8
$16) 23. Bxb4 $1 Rxc4+ 24. Nxc4 Bxb4 25. Nd6 $14) 21. Nxg6 $5 {Taking the
chanse!} hxg6 $2 ({Why not} 21... bxc3 $1 22. Nxe7+ Kf8 23. Qxc3 Kxe7 24. Qe5
$5 {[%cal Ge5c5]} Rac8 25. Rxd8 Rxd8 26. Qc5+ Rd6 27. Rd1 Ne4 $1 $19 {[%cal
Ga1c1] easily winning?}) 22. Bxf6 Bc6 $6 (22... Rac8 $5 23. Rxd8 Bxd8 24. Kd2
Bc6 25. Qf4 Bxf6 26. Qxf6 e5 $1 $36) 23. Qf4 Rxd1+ 24. Rxd1 Bxf6 25. Qxf6 a4 {
Accepting the fact that the game should end up a draw.} 26. Rd8+ Rxd8 27. Qxd8+
Kg7 28. Qd4+ Kg8 29. Qd8+ 1/2-1/2

[Event "Guillermo Garcia Memorial-A 06th"]
[Site "Santa Clara"]
[Date "1998.06.06"]
[Round "11"]
[White "Herrera, Irisberto"]
[Black "Perez Garcia, Rodney Oscar"]
[Result "1/2-1/2"]
[WhiteElo "2445"]
[BlackElo "2395"]
[Annotator "Finkel,A"]
[PlyCount "46"]
[EventDate "1998.05.24"]
[EventType "tourn"]
[EventRounds "13"]
[EventCountry "CUB"]
[EventCategory "9"]
[SourceTitle "CBM 066"]
[Source "ChessBase"]
[SourceDate "1998.09.30"]
[SourceVersion "1"]
[SourceVersionDate "1998.09.30"]
[SourceQuality "1"]

1. e4 e6 2. d4 d5 3. Nc3 dxe4 4. Nxe4 Nd7 5. Nf3 Ngf6 6. Nxf6+ Nxf6 7. c3 c5 8.
Be3 (8. Bb5+ Bd7 9. Bxd7+ Qxd7 10. Be3 cxd4 11. Bxd4 Be7 12. O-O O-O 13. Qe2
Qc7 $11 {Dvoirys,S-Zakharevich,I/RUS-Cup4 1997 (21)}) 8... Qc7 (8... cxd4 9.
Bxd4 Bd6 10. Qc2 Qa5 11. Bxf6 gxf6 12. O-O-O Be7 13. Kb1 Bd7 14. Nd4 O-O-O 15.
Be2 $14 {Timoshenko,G-Doroshkievich,V/RUS-Cup1 Chigorin mem 1996 (40)}) 9. Ne5
(9. Bb5+ Bd7 10. Bxd7+ Nxd7 11. O-O Bd6 12. dxc5 Bxc5 13. Bxc5 Nxc5 14. Qe2 $11
{1/2-1/2 Korneev,O-Morozevich,A/RUS-ch m3-4 1997}) 9... a6 (9... Bd6 $5 10.
Bb5+ Ke7 11. Nc4 Bd7 (11... Bf4 $5) 12. Bxd7 Nxd7 13. Nxd6 Qxd6 14. dxc5 Qxd1+
15. Rxd1 Rhc8 16. Ke2 $14 {Zakharov,A-Dokuchaev,A/RUS-Cup9 1997 (37)}) 10. Qa4+
Nd7 11. Bb5 $6 {This move is the novelty and definitly not a very good one.
Better is} (11. O-O-O $5 Bd6 12. Nc4 Bf4 13. g3 Bxe3+ 14. Nxe3 O-O 15. d5 $1
$36 {as was played in Dvoirys,S-Zakharevich,I/RUS-Cup9 1997 (42)}) 11... cxd4
$1 $11 {After this simple move the position becomes equal.} 12. Bxd7+ (12. cxd4
Rb8 $1 13. Bxd7+ Bxd7 14. Nxd7 Qxd7 15. Qxd7+ Kxd7 $15) (12. Bxd4 axb5 13. Qxa8
Nxe5 $17) 12... Bxd7 13. Nxd7 Qxd7 (13... O-O-O $5 14. Bxd4 (14. Qxd4 Rxd7 15.
Qa7 Bd6 16. Qa8+ Qb8 17. Qxb8+ Kxb8 $11) 14... Rxd7 15. O-O-O Qf4+ 16. Rd2 Bd6
$11) 14. Qxd4 {Nothing changes} (14. Qxd7+ $5 Kxd7 15. O-O-O e5 (15... Bd6 $5
16. Bxd4 Ke7 17. h3 Rhd8 $11) 16. cxd4 Rc8+ 17. Kb1 e4 18. d5 Bd6 19. Bd4 f6
20. Rhe1 Rhe8 $13 {and black is o'kay.}) 14... Qxd4 15. Bxd4 O-O-O 16. O-O-O f6
17. f4 Bd6 18. g3 Rhe8 19. Rhe1 e5 $5 {Exchanging the last pair of minor
pieces.} 20. fxe5 Bxe5 21. Bxe5 fxe5 (21... Rxd1+ 22. Kxd1 fxe5 23. Ke2 Kd7 24.
Ke3 Ke6 25. Ke4 Rd8 26. Re2 b5 $11) 22. Kc2 Re6 23. c4 Rh6 1/2-1/2

[Event "Capablanca Memorial Elite 37th"]
[Site "Havana"]
[Date "2002.05.10"]
[Round "5"]
[White "Bruzon Batista, Lazaro"]
[Black "Nogueiras Santiago, Jesus"]
[Result "1/2-1/2"]
[WhiteElo "2569"]
[BlackElo "2534"]
[Annotator "Finkel,A"]
[PlyCount "64"]
[EventDate "2002.05.06"]
[EventType "tourn"]
[EventRounds "9"]
[EventCountry "CUB"]
[EventCategory "13"]
[SourceTitle "CBM 089"]
[Source "ChessBase"]
[SourceDate "2002.08.12"]
[SourceVersion "1"]
[SourceVersionDate "2002.08.12"]
[SourceQuality "1"]

1. e4 e6 2. d4 d5 3. Nc3 Nf6 4. Bg5 dxe4 5. Nxe4 Nbd7 6. Nxf6+ Nxf6 7. Nf3 h6
8. Bh4 c5 9. Bc4 cxd4 (9... a6 10. a4 Be7 11. O-O cxd4 12. Qe2 O-O 13. Rad1 Qb6
14. Rxd4 (14. b3 Bd7 15. Nxd4 Rfe8 16. Nf3 Red8 17. Ne5 Be8 18. Bd3 Qb4 $11 {
Bologan,V-Gurevich,M/Saint Pierre 2000}) 14... Qxb2 15. Rfd1 b5 16. axb5 axb5
17. Bxb5 Bb7 $15 {Nataf,I-Hracek,Z/Istanbul 2000}) 10. O-O (10. Qxd4 Qxd4 11.
Nxd4 a6 12. a4 Bd7 13. f3 Rc8 14. Bb3 Bc5 15. O-O-O Rd8 $11 {Dutreeuw,
M-Arkhipov,S/Miskolc 1990/1/2-1/2 (75)}) 10... Be7 (10... Bc5 11. Qe2 O-O 12.
Rad1 Qb6 13. Bxf6 gxf6 14. Nxd4 Qxb2 15. Rd3 $40 {Kling,T-Vuksanovic,S/Erevan
olw 1996 (25)}) 11. Qe2 (11. Re1 O-O 12. Bb3 b6 13. Nxd4 Bb7 14. c3 Ne4 15.
Bxe7 Qxe7 16. Qg4 Nc5 17. Bc2 Qg5 18. h3 Rfd8 19. Re3 Qxg4 20. hxg4 Nd7 21. f3
Nf6 22. Kf2 $14 {Short,N-Huebner,R/Istanbul 2000}) 11... O-O (11... a6 12. Rad1
b5 $6 13. Bb3 Nd7 $6 14. Qe4 $1 $16 {Morozevich,A-Ulibin,M/Maikop 1998}) 12.
Rad1 Qb6 13. Nxd4 {This move looks more dangerous for black than the others:} (
13. Rxd4 Qxb2 14. Rfd1 b5 15. Bb3 Bb7 16. Qxb5 Bd5 17. Qd3 Bxb3 18. axb3 Rac8
$11 {Al Modiahki,M-Radjabov,T/Groningen 1999}) (13. b3 Rd8 14. Qe5 Bd6 15. Qe2
Be7 16. Qe5 Bd6 17. Qe2 Be7 $13 {1/2-1/2 King,D-Huebner,R/SUI 2000/EXT 2001 
(17)}) 13... Qxb2 $5 14. Nf5 $5 {[%cal Ge2e7]} (14. Rd3) 14... exf5 {It was
too dangerous to retreat with the bishop} (14... Bd8 $6 15. Rb1 Qa3 16. Nxg7 $1
Kxg7 17. Qe5 $1 $40 {[%cal Gb1b3,Gb3g3] and black is in troubles.}) 15. Qxe7
Be6 $8 (15... g5 16. Rd8 Rxd8 17. Bxf7+ Kh8 18. Qxd8+ Kg7 19. Qe7 gxh4 20. Bb3+
Kh8 21. Qf8+ Kh7 22. Re1 $18 {[%cal Ge1e7]}) 16. Rb1 {More chances to win the
game would leave} (16. Bxe6 fxe6 (16... Rae8 $2 17. Bxf6 $1 gxf6 18. Bxf7+ $1
$18) 17. Qxe6+ Kh8 18. Rb1 Qxc2 19. Rxb7 $14 {and it's still not so easy for
black to defend.}) 16... Qe5 {After this move black is out of danger.} 17. Bxe6
(17. Rfe1 Ne4 18. Bxe6 Qxe6 19. f3 Qxe7 20. Bxe7 Rfe8 21. Rxb7 Nc5 22. Rbb1 Ne6
$14) 17... Qxe6 18. Bxf6 Qxf6 19. Qxf6 gxf6 20. Rxb7 Rfc8 $11 21. Rb2 {Nothing
changed} (21. Rc1 Rab8 22. Rxa7 Rxc2 23. Rf1 Rbb2 24. a4 Ra2 $11 {and a draw
is inevitable.}) 21... Rc7 22. Rd1 Re8 23. Kf1 Kg7 24. g3 Kg6 25. Rd2 Re4 26.
Rb3 Rec4 27. Ra3 f4 28. Kg2 Rxc2 29. Rxc2 Rxc2 30. Rxa7 fxg3 31. hxg3 f5 32.
Ra4 h5 1/2-1/2

[Event "SCG-ch 1st"]
[Site "Kopaonik"]
[Date "2005.04.10"]
[Round "9"]
[White "Kovacevic, Aleksandar"]
[Black "Kosic, Dragan"]
[Result "1-0"]
[WhiteElo "2550"]
[BlackElo "2515"]
[Annotator "Finkel,A"]
[PlyCount "87"]
[EventDate "2005.04.02"]
[EventType "tourn"]
[EventRounds "13"]
[EventCountry "YUG"]
[EventCategory "11"]
[SourceTitle "CBM 107"]
[Source "ChessBase"]
[SourceDate "2005.08.01"]
[SourceVersion "1"]
[SourceVersionDate "2005.08.01"]
[SourceQuality "1"]

1. e4 e6 2. d4 d5 3. Nc3 dxe4 4. Nxe4 Nd7 5. Nf3 Ngf6 6. Bd3 {The main idea
behind this move is to transfer the bishop to f3 in order to put a pressure on
black's queenside.} c5 7. O-O (7. Bg5) 7... cxd4 8. Nxd4 Be7 (8... Nxe4 9. Bxe4
Nf6 10. Bf3 (10. Bg5 Be7 11. Bf3 O-O 12. Re1 Qb6 13. Nf5 exf5 14. Rxe7 Ne4 15.
Bxe4 fxe4 16. Qd5 Qxb2 17. Rc1 Be6 $11 {Cheparinov,I-Perez,R/Seville 2004})
10... Be7 (10... Bc5 11. Nb3 Bd6 12. Qd4 Qc7 13. g3 e5 14. Qa4+ Bd7 15. Qa5 b6
16. Qd2 Rd8 $15 {Bakre,T-Nalbandian,T/Alushta 2003}) 11. Nb5 O-O 12. Bf4 Bd7
13. c4 Bc6 14. Qe2 Bxf3 15. Qxf3 Qb6 16. Rad1 a6 $11 {Shirov,A-Anand,V/Moscow
2001}) 9. c3 (9. Nb5 Nc5 10. Bf4 O-O 11. Nxc5 Bxc5 12. Nc7 Nd5 13. Nxd5 exd5
14. c3 Be6 15. Qh5 $14 {Sutovsky,E-Reinderman,D/Internet ICC 2002}) (9. Qe2
Nxe4 10. Qxe4 Nc5 11. Bb5+ Bd7 12. Qg4 Bxb5 13. Nxb5 O-O 14. Bh6 Bf6 15. Rfd1
Qb6 16. a4 Rfd8 $11 {Smirnov,P-Milov,V/Panormo 2002}) 9... Nxe4 {Sooner or
later this move has to be played.} (9... O-O 10. Qc2 h6 11. Rd1 Qc7 12. Nb5 Qe5
13. f4 Qb8 14. Nd4 Nc5 $11 {Newerovski,G-Zakharevich,I/Kaluga 2003}) 10. Bxe4
Nf6 11. Bf3 O-O 12. Re1 a6 $6 {Black can't afford to waste a time in the
opening. Immediate development of the light-squared bishop should be the top
priority.} (12... Qb6 13. Qb3 Rd8 14. Qxb6 axb6 15. Bf4 Ne8 16. Nb5 $14 {
Macieja,B-Milov,V/Antalya 2004}) (12... Qc7 $5) 13. Bf4 $1 Nd5 14. Bg3 Bd6 $6
15. Bxd6 Qxd6 16. Nb3 $1 {[%cal Gc3c4] White's play is very natural and strong.
The advance of the c-pawn will increase the pressure on Black's queenside.} Qd8
(16... Rd8 17. c4 Nf6 18. Qxd6 Rxd6 19. Rad1 Rxd1 20. Rxd1 Kf8 21. Rd8+ Ke7 22.
Rh8 $16) 17. c4 (17. Bxd5 exd5 18. Re5 Be6 19. Qf3 Qb6 20. Rae1 d4 21. Nxd4
Qxb2 22. R5e2 Qb6 $14) 17... Nf6 18. Qxd8 Rxd8 19. Rad1 Re8 ({It's hardly
better to trade the rooks} 19... Rxd1 20. Rxd1 Kf8 21. Na5 Rb8 22. c5 Nd7 23.
Nc4 $1 Ke7 (23... Nxc5 24. Nb6 $1 $18 {[%csl Rc5,Rc8][%cal Gd1c1]}) 24. b4 b5
25. Nd6 Ne5 26. Nxc8+ Rxc8 27. Bb7 Rb8 28. Bxa6 $16) 20. Na5 $1 {[%csl Rb7]}
Rb8 21. c5 $16 e5 {It doesn't seem that Black has a choice, since after} (21...
b6 22. Nc6 Rb7 23. Ne5 Rb8 24. c6 $16 {he can barely move.}) 22. Nc4 Bg4 23.
Bxg4 Nxg4 24. f3 Nf6 25. Rxe5 Rxe5 26. Nxe5 $18 {We are observing the
consequences of black's careless play in the opening. The endgame is won
easily for White.} Kf8 27. Rd6 Rc8 28. b4 a5 29. a3 axb4 30. axb4 Ke7 31. Kf2
Ra8 32. g4 g5 33. Nc4 Ra2+ 34. Kg3 Nd7 (34... h5 35. gxh5 Nxh5+ 36. Kg4 Rxh2
37. Rb6 $18) 35. h4 gxh4+ 36. Kxh4 Rc2 37. Ne3 Rf2 38. Nd5+ Ke8 39. Nf6+ Nxf6
40. Rxf6 Rd2 41. Kg5 Kf8 42. Rb6 Rd7 43. Kf6 h6 44. Rd6 1-0

[Event "Capablanca Memorial Elite 40th"]
[Site "Havana"]
[Date "2005.05.17"]
[Round "12"]
[White "Bruzon Batista, Lazaro"]
[Black "Nogueiras Santiago, Jesus"]
[Result "1/2-1/2"]
[WhiteElo "2669"]
[BlackElo "2533"]
[Annotator "Finkel,A"]
[PlyCount "81"]
[EventDate "2005.05.06"]
[EventType "tourn"]
[EventRounds "14"]
[EventCountry "CUB"]
[EventCategory "15"]
[SourceTitle "CBM 107"]
[Source "ChessBase"]
[SourceDate "2005.08.01"]
[SourceVersion "1"]
[SourceVersionDate "2005.08.01"]
[SourceQuality "1"]

1. e4 e6 2. d4 d5 3. Nc3 Nf6 4. Bg5 dxe4 5. Nxe4 Nbd7 6. Nxf6+ Nxf6 7. Nf3 h6
8. Bh4 c5 9. Ne5 {In my comments to one of the latest games played in this
line I stated that this move is insufficient to get any opening advantage. The
following game is just another proof that White has to look for opening
advantage somewhere else!} Qa5+ (9... a6 10. c3 Qd5 (10... Be7 $2 11. dxc5 $1
Qxd1+ 12. Rxd1 Bxc5 13. Rd8+ Kxd8 14. Nxf7+ Ke7 15. Nxh8 g5 16. Bg3 Ne4 17. Bd3
$18 {Anand,V-Sulava,N/Bastia 2004}) 11. Bxf6 gxf6 12. Ng4 Qg5 13. h4 Qf4 14.
Be2 Be7 15. g3 Qd6 16. O-O Bd7 17. Bf3 $13 {1/2-1/2 Zhang Zhong-Zvjaginsev,V/
Moscow 2004}) 10. c3 cxd4 11. Qxd4 Bc5 12. Qf4 {This move is a better try than
the immediate transposition into an endgame after 12.Nc4, but Black faces no
difficulties to keep the balance.} (12. Nc4 Bxd4 13. Nxa5 Bb6 14. Nc4 Bc7 15.
Bg3 Bxg3 16. hxg3 Ke7 17. Be2 Bd7 18. Bf3 Rac8 19. Ne5 Rc7 $11 {Karjakin,
S-Milov,V/Dos Hermanas 2004}) 12... Bd6 13. Bg3 O-O 14. Be2 Nd7 {Very simple
and strong. Black is forcing White to trade the queens and transpose into an
equal endgame. By the way, I see nothing wrong in 14...Rd8 either, if Black
prefers to keep the queens for whatever reason.} (14... Bxe5 $6 15. Qxe5 Qxe5
16. Bxe5 Bd7 17. Bf3 Bc6 18. Bxc6 bxc6 19. Bxf6 gxf6 20. O-O-O $14 {Zontakh,
A-Kutuzov,D/Sochi 2004}) (14... Rd8) 15. Nc4 Bxf4 16. Nxa5 Bxg3 17. hxg3 Nf6 {
Nogueiras is the first one to deviate from the game Volokitin-Korobov. I don't
think that this move is any better than 17...Nc5, but it eventualy proved to
be solid enough.} (17... Nc5 18. O-O-O (18. Rh5 $5 b6 (18... Ne4 19. Rd1 (19.
Bf3 $6 Ng5 20. Bxb7 Bxb7 21. Nxb7 Rab8 $15)) 19. Bf3 Nd3+ (19... Rb8 {Finkel,A}
20. O-O-O $14 g6 $140 $6 21. Nc6 $16) 20. Kd2 Ba6 21. Bxa8 Rxa8 22. Nc6 Nxf2
$13) 18... b6 $1 19. Bf3 Ba6 $1 20. Bxa8 Rxa8 21. Nc6 Nd3+ {[%cal Gd3f2]} 22.
Rxd3 Bxd3 $11 {Volokitin,A-Korobov,A/Kharkov 2004}) 18. Rh4 {[%csl Ge4] Taking
the square e4 under control and intending to bring the rook to c4 or d4.} (18.
O-O-O Ne4 19. Rd4 f5 (19... Nxf2 $2 20. Rf1 e5 21. Rb4 $18 {[%csl Rf2]}) 20.
Rf1 b6 21. Nc6 Bb7 22. Ne5 Rfd8 $11) 18... Rb8 (18... e5 $5 19. O-O-O b6 20.
Nc6 Re8 $11) 19. O-O-O Bd7 20. Bf3 b6 21. Nc4 ({After} 21. Nc6 Bxc6 22. Bxc6
Rfc8 23. Bf3 Kf8 24. Rhd4 Ke7 $11 {[%cal Gc8c5,Gb8c8] Black has nothing to
worry about in the endgame.}) 21... Rfc8 22. Rhd4 Be8 $11 23. Kc2 Kf8 24. b3
Ke7 25. Nd6 Rc7 26. c4 Bd7 $5 (26... b5 27. Nxe8 Kxe8 28. Kc3 Ke7 29. a3 $14)
27. Kb2 a6 {[%csl Gb5][%cal Gd7c6]} 28. a3 Bc6 29. Bxc6 Rxc6 30. b4 Rc7 31. Ne4
{Admitting that the draw is inevitable.} (31. Kb3 Rd7 32. f3 Rbd8 (32... h5 $5)
33. c5 bxc5 34. bxc5 Nd5 35. Re1 Rb8+ 36. Kc4 Nf6 37. Nf5+ Kf8 38. Rxd7 Nxd7
39. Nd4 Rc8 $11) 31... Nxe4 32. Rxe4 a5 33. Kb3 axb4 34. Kxb4 (34. axb4 Ra8)
34... Ra8 35. Red4 Rca7 36. Kb5 Rxa3 37. Kxb6 Rb3+ 38. Kc7 Ra7+ 39. Kc6 Ra6+
40. Kc7 Ra7+ 41. Kc6 1/2-1/2